Statistics for Green Day's Trilogy Songs.

Click here to take the quiz!

General Stats

  • This quiz has been taken 34 times
  • The average score is 30 of 37

Answer Stats

AlbumAnswer% Correct
DosAmy
100%
UnoKill The DJ
100%
UnoOh Love
100%
TréThe Forgotten
100%
Tré99 Revolutions
92%
TréAmanda
92%
TréBrutal Love
92%
UnoCarpe Diem
92%
DosFuck Time
92%
UnoNuclear Family
92%
DosStray Heart
92%
TréX-Kid
92%
TréA Little Boy Named Train
83%
DosAshley
83%
DosLady Cobra
83%
DosLazy Bones
83%
UnoLet Yourself Go
83%
DosMakeout Party
83%
DosNightlife
83%
UnoStay The Night
83%
DosStop When The Red Lights Flash
83%
UnoSweet 16
83%
Tré8th Avenue Serenade
75%
UnoAngel Blue
75%
TréDirty Rotten Bastards
75%
TréDrama Queen
75%
UnoFell For You
75%
UnoLoss Of Control
75%
TréMissing You
75%
UnoRusty James
75%
DosSee You Tonight
75%
UnoTroublemaker
75%
DosBaby Eyes
67%
TréSex, Drugs And Violence
67%
TréWalk Away
67%
DosWow! That's Loud
67%
DosWild One
58%

Score Distribution

Percentile by Number Answered

Percent of People with Each Score

Your Score History

You have not taken this quiz